| 000 | 00491nam a22001937a 4500 | ||
|---|---|---|---|
| 003 | MPLRDC | ||
| 005 | 20220104173950.0 | ||
| 008 | 210129b ||||| |||| 00| 0 eng d | ||
| 020 | _a983-029-579-6 | ||
| 082 | _a523.312 TBK | ||
| 100 | _aTAN BOON KIM | ||
| 245 |
_aUNCLE QUEK MEETS THE ORANG UTANS _c |
||
| 250 | _a初版 | ||
| 260 |
_a _bSASBADI SDN BHD P. JAYA _c1997 |
||
| 300 | _b平 | ||
| 490 | _aRAKAN PEMBACA KBSR B. INGGERIS GRADE 6 | ||
| 650 | _a | ||
| 942 |
_cBK _o523.312 TBK |
||
| 999 |
_c59653 _d59643 |
||